Libertad económica, capitalismo y ética cristiana : (Registro nro. 21992)
[ vista simple ]
| 000 -Cabecera | |
|---|---|
| Campo de control interno | 00956nam a2200265Ia 4500 |
| 005 - Fecha y hora del registro | |
| control field | 20260320113332.0 |
| 008 - Elementos de Longitud Fija | |
| fixed length control field | 260320s9999||||xx |||||||||||||| ||und|| |
| 020 ## - ISBN | |
| ISBN | 9788472097216 |
| 041 ## - Idioma | |
| Codigo Idioma | ESP |
| 082 ## - DEWEY y NOTACIÓN INTERNA | |
| Dewey | 289 |
| Notación Interna | R746 |
| 100 ## - AUTOR | |
| Autor denominación | Rhonheimer, Martin, |
| Término de relación | autor |
| 245 #0 - TÍTULO DE MATERIAL BIBLIOGRÁFICO | |
| Título | Libertad económica, capitalismo y ética cristiana : |
| Título paralelo | ensayos para un encuentro entre economía de mercado y pensamiento cristiano |
| 246 ## - TÍTULO TRADUCIDO | |
| Título | |
| Título paralelo | |
| Autor | |
| 250 ## - EDICIÓN | |
| Edición | Segunda edición |
| 260 ## - CIUDAD, EDITORIAL, AÑO | |
| Ciudad | Madrid : |
| Nombre de la Editorial | Unión Editorial, |
| Año | 2019 |
| 300 ## - DESCRIPCIÓN | |
| N° Páginas | 421 páginas : |
| Otros detalles | |
| Dimensiones | 21 cm. |
| Material Adicional | |
| 440 ## - MENCIÓN DE SERIE | |
| Título de la Serie | (Cristianismo y economía de mercado |
| Número de Serie | ; número 5) |
| Volumen de Serie | |
| 650 ## - TEMAS | |
| Temas | Religión |
| 653 ## - DESCRIPTORES | |
| Lenguajes no controlado | Cristianismo; Ética cristiana; Filosofía moral |
| 654 ## - PROGRAMAS | |
| Programa | Dpto. de Humanidades |
| 700 ## - OTROS AUTORES | |
| Otros autores | Silar, Mario, |
| Títulos y otras palabras asociadas con el nombre | editor |
| 856 ## - URL - UBICACIÓN | |
| URI/URL: Enlace exacto del recurso | <a href="https://0u20fmsnu-y-https-research-ebsco-com.itmsp.museknowledge.com/c/qxo6us/search">https://0u20fmsnu-y-https-research-ebsco-com.itmsp.museknowledge.com/c/qxo6us/search</a> |
| Nota pública: Versión digital | <a href="Véase además: Base de datos EBSCOhost">Véase además: Base de datos EBSCOhost</a> |
| 942 ## - ELEMENTOS DE KOHA | |
| Tipo de documento | Libro |
| Nombre del creador | Justo Noguera |
| Código de catalogador | Margarita Torres |
| Esquema de clasificación | Dewey Decimal Classification |
| Suppress in OPAC | |
| Codigo completo | Registro | Colección | Copia número | Disponibilidad | Tipo de préstamo | Biblioteca Actual | Procedencia (Biblioteca) | Ubicacón | Fecha Ingreso | Tipo de Adquisición | Observación | Date last seen | Total checkouts | Price effective from | Tipo de Item | Estado del Material | Fuente de Clasificación | Damaged status | Withdrawn status |
|---|---|---|---|---|---|---|---|---|---|---|---|---|---|---|---|---|---|---|---|
| 289 R746 | 1086561 | Universidad Católica San Pablo | 1 | Disponible | Disponible | Víctor Andrés Belaunde | Víctor Andrés Belaunde | Planta baja abierta | 10/03/2026 | Compra | Humanidades | 20/03/2026 | 20/03/2026 | Libro | Bueno | Dewey Decimal Classification |




